000 00452nam a22001697a 4500
003 OSt
005 20140310182141.0
008 130829t xxu||||| |||| 00| 0 eng d
050 _aTT 870
_b.T971 19--
082 _aHS 745.54
_bTwe91 19
245 _a22 twenty two things to do with paper /
260 _aMakati, M.M :
_bDiwa Learning Systems, Inc,
_c19--
300 _a47 p. ;
_c23 cm.
650 _aPaper crafts
_915261
942 _2lcc
999 _c9847
_d9847